=LDR 00000nam 2200000 4500 =001 INLIS000000000045400 =005 20200228083725 =035 ##$$a 0010-011500000000226 =008 200228################g##########0#ind## =020 ##$$a 978-979-29-1396-5 =040 ##$$a NBPDMAT =082 ##$$a 003.54 =090 ##$$a 005.54 $b Han d =100 ##$$a Hany Ferdinando =245 1#$$a Dasar-dasar sinyal dan sistem /$c Hany Ferdinando; Editor, Dwi Prabantini =250 ##$$a Cet.1 =260 ##$$a Yogyakarta :$b Andi,$c 2010 =300 ##$$a xiv, 374 hlm. : $b Ilus. ; $c 24 x 17 cm. =500 ##$$a Bibliografi : hlm. 369, Indeks : hlm. 371 =650 #4$$a Sistem Sinyal =850 ##$$a NBPDMAT =084 ##$$a 003.54 HAN d =700 #$$a Dwi Prabantini =990 ##$$a 2090101075/BPAP-NTB/2015 =990 ##$$a 21419807 =990 ##$$a 21419808 =990 ##$$a 21708050 =990 ##$$a 21708049 =990 ##$$a 21708048 =990 ##$$a 21708047 =990 ##$$a 21708046 =990 ##$$a 21419809 =990 ##$$a 21419810 =990 ##$$a 1201436070 =990 ##$$a 1201436070 =990 ##$$a 2090101075/BPAP-NTB/2015 =990 ##$$a 21419807 =990 ##$$a 21419808 =990 ##$$a 21708050 =990 ##$$a 21708049 =990 ##$$a 21708048 =990 ##$$a 21708047 =990 ##$$a 21708046 =990 ##$$a 21419809 =990 ##$$a 21419810